000 00774nam a2200265Ia 4500
003 OSt
005 20220918164103.0
006 a|||||r|||| 00| 0
007 ta
008 220917b |||||||| |||| 00| 0 eng d
020 _a0415237491
_c1507.84
024 _a236,508
037 _b3082, 07/11/2008, Bharat Scientific Syndicate
_cTextual
040 _aARTS
_cARTS
_beng
041 _2eng
_aeng
082 _aV495.N, P2
100 _aBuzo Adrian
_917132
245 0 _aMaking of modern Korea
260 _aLondon
_bRoutledge UK
_c2002
300 _aix, 230p.
_ccm.
490 _aAsia's transformations
650 _aHISTORY
942 _hV495.N, P2
_cTEXL
_2CC
999 _c123118
_d123118